000 00968cam a2200169 4500
001 X105399
008 000000n2000 000 0 eng u
035 _a(Sirsi) u105399
245 _aLeeds CC v Redrow Homes (Yorkshire) Ltd
260 _c2000
490 _aPlanning Appeal Decisions
_v15 PAD 150-156(7)
520 _aAPP/N4720/A/99/1016436. Errection of 100 detached and demi-detached dwellings-garages-development plan review-structure plan-emerging unitary development plan-Gree Belt-whether site should be released from Green Belt-whether local demand for housing should be met more quickly-prematurity-thresholds for triggering development of affordable housing-PPGs and 1 and 2-determination in accordance with plan-led conclusions-conditions (Headnote from journal articlet)
650 _aLEEDS CITY COUNCIL V REDROW HOMES (YORKSHIRE) LTD
650 _aGREEN BELT
690 _aENVIRONMENTAL AND LAND CONSULTANCY-PLANNING AND DEVELOPMENT
942 _n0
999 _c100384
_d100384